[Event "Chioggia op-B 14th"]
[Site "Chioggia"]
[Date "2019.10.04"]
[Round "1"]
[White "Saviane, Giorgio"]
[Black "Caldara, Sisto"]
[Result "1-0"]
[WhiteElo "1503"]
[BlackElo "1729"]
[PlyCount "63"]
[EventDate "2019.10.04"]
[EventType "swiss"]
[EventRounds "5"]
[EventCountry "ITA"]
[SourceTitle "EXT 2022"]
[Source "ChessBase"]
[SourceDate "2021.10.06"]
[SourceVersion "1"]
[SourceVersionDate "2021.10.06"]
[SourceQuality "1"]

1. e4 d6 2. d4 Nf6 3. Nc3 c6 4. f4 Qa5 5. Bd3 e5 6. Nf3 Bg4 7. dxe5 dxe5 8. fxe5 Nfd7 9. e6 fxe6 10. h3 Bh5 11. Bc4 e5 12. Be3 Na6 13. Qd2 Be7 14. Ng5 Nc7 15. Rf1 Nf6 16. g4 Rd8 17. Qe2 Bg6 18. Bd2 Bb4 19. 0-0-0 b5 20. Bb3 h6 21. Nf3 Nd7 22. a3 Bd6 23. Nh4 Bh7 24. Bf7+ Kf8 25. Bd5+ Nf6 26. Bxc6 b4 27. Nd5 Qa6 28. Qxa6 Nxa6 29. Nxf6 gxf6 30. Rxf6+ Kg7 31. Rdf1 Rhf8 32. Bxh6+ 1-0